000 00544nmm a2200169Ia 4500
008 251105s9999||||xx |||||||||||||||||und||
041 _aspa
100 _aTorres Escobar, Francisco
245 0 _aLinux para usuarios
264 _a[Madrid, España] :
_bMinisterio de Educación, Cultura y Deporte de España,
_c2017
300 _a346 páginas
650 _aTechnology and computing
700 _aTorres Escobar, Francisco
700 1 _a Pizarro Galán, Ana María
856 _uhttps://public.digitaliapublishing.com/a/56227
942 _cCF
999 _c72003
_d72003